[Event "Mechanics' Fall TNM; G/2"]
[Site "San Francisco"]
[Date "2016.10.25"]
[Round "2.6"]
[White "Andries, W Craig"]
[Black "Pan, Hongkai"]
[Result "0-1"]
[WhiteElo "1877"]
[BlackElo "2099"]
[PlyCount "82"]
[EventDate "2016.??.??"]

1. g3 d5 2. Bg2 c5 3. Nf3 Nc6 4. d3 e5 5. Nbd2 Nge7 6. O-O Ng6 7. h4 h5 8. Re1
Be7 9. c3 f5 10. e4 dxe4 11. dxe4 f4 12. Nc4 Qc7 13. a4 Be6 14. Qe2 O-O-O 15.
a5 Rhf8 16. a6 b6 17. Nfd2 Nh8 18. Qxh5 fxg3 19. fxg3 Rxd2 20. Nxd2 c4 21. Nf1
Qd7 22. Qe2 Na5 23. Be3 Nf7 24. Bf2 g5 25. Red1 Qe8 26. Ne3 gxh4 27. Nf5 hxg3
28. Nxg3 Nh6 29. Rxa5 bxa5 30. Qe3 Qa4 31. Rf1 Ng4 32. Qxa7 Qd7 33. Qb6 Rf6 34.
Qxa5 Rxf2 35. Rxf2 Qa7 36. Nh1 Bh4 37. Bh3 Bxf2+ 38. Kg2 Bb6 39. Qb5 Ne3+ 40.
Kf3 Bxh3 41. Qc6+ Kb8 0-1

[Event "Mechanics' Spring TNM; G/2"]
[Site "San Francisco"]
[Date "2016.04.05"]
[Round "4.20"]
[White "Andries, W Craig"]
[Black "Sherwood, Peter"]
[Result "1-0"]
[WhiteElo "1862"]
[BlackElo "1671"]
[PlyCount "61"]
[EventDate "2016.??.??"]

1. Nf3 Nf6 2. d4 d5 3. e3 e6 4. Nbd2 Bd6 5. Bd3 Nbd7 6. O-O O-O 7. c4 c6 8. c5
Bc7 9. b4 b6 10. Bb2 Bb7 11. Qe2 Re8 12. Ne5 Nxe5 13. dxe5 Nd7 14. Rac1 bxc5
15. bxc5 Bxe5 16. Bxe5 Nxe5 17. Bxh7+ Kxh7 18. Qh5+ Kg8 19. Qxe5 f6 20. Qc3 e5
21. Rfd1 Re7 $6 22. Nc4 Rd7 23. Nd6 Rxd6 24. cxd6 Qxd6 25. e4 Rc8 26. Qb3 Rb8
27. exd5 cxd5 28. Rb1 Kf8 (28... Kf7 29. Rxd5 Qxd5 30. Qxd5+ Bxd5 31. Rxb8 Bxa2
32. Rb7+ Kg6 33. Rxa7 $18) 29. Rxd5 Qxd5 30. Qxd5 Bxd5 31. Rxb8+ 1-0

[Event "Mechanics' Summer TNM; G/2"]
[Site "San Francisco"]
[Date "2016.06.14"]
[Round "4.9"]
[White "Andries, W Craig"]
[Black "Steger, Eric Alan"]
[Result "1-0"]
[WhiteElo "1862"]
[BlackElo "2011"]
[PlyCount "95"]
[EventDate "2016.??.??"]

1. Nf3 Nf6 2. g3 g6 3. Bg2 Bg7 4. d3 O-O 5. e4 d6 6. O-O c6 7. Nh4 Nbd7 8. f4
Qb6+ 9. Kh1 Nc5 10. c3 Qa6 11. c4 Bg4 12. Qc2 Nh5 13. Nc3 b5 14. cxb5 cxb5 15.
Nd5 Qb7 16. e5 Qd7 17. d4 Na4 18. Qf2 Rac8 19. Ne3 dxe5 20. dxe5 Bh3 21. Rd1
Bxg2+ 22. Nhxg2 Qh3 23. g4 Rfd8 24. gxh5 Qxh5 25. Rxd8+ Rxd8 26. Qc2 Qf3 27.
Bd2 Qe2 28. Ba5 Qxc2 29. Nxc2 Rc8 30. Nd4 g5 31. b3 Nb2 32. Nf5 Bf8 33. Bb4 Nd3
34. Nxe7+ Bxe7 35. Bxe7 Nf2+ 36. Kg1 Nh3+ 37. Kf1 Rc2 38. Ne3 Rxh2 39. Rd1 Rf2+
40. Ke1 Rxf4 41. Bf6 h5 42. Rd8+ Kh7 43. Rh8+ Kg6 44. Rg8+ Kh6 45. Nd5 Re4+ 46.
Kf1 h4 47. Rh8+ Kg6 48. Ne7# 1-0

[Event "Mechanics' Fall TNM; G/2"]
[Site "San Francisco"]
[Date "2016.12.06"]
[Round "8.11"]
[White "Andries, W Craig"]
[Black "Thornally, Frank"]
[Result "1-0"]
[WhiteElo "1877"]
[BlackElo "2201"]
[PlyCount "81"]
[EventDate "2016.??.??"]

1. Nf3 d5 2. g3 Bg4 3. Bg2 Nd7 4. d3 e6 5. Nbd2 Bd6 6. O-O Ne7 7. e4 O-O 8. Qe1
c6 9. e5 Bc7 10. d4 Bf5 11. Qd1 c5 12. c3 Nc6 13. Nb3 c4 14. Nbd2 b5 15. Nh4
Bd3 16. Re1 Nb6 17. Ndf3 h6 18. Bf1 Bh7 19. h3 a5 20. Bd2 Qe7 21. Qc1 Kh8 22.
Nh2 b4 23. Ng4 bxc3 24. bxc3 Rab8 25. Bxh6 gxh6 26. Qxh6 Rg8 27. Nf6 Rg7 28.
Nf3 Nd7 29. Ng5 Nf8 30. Qh5 Nd8 31. Re3 Rxg5 32. Qxg5 Bg6 33. h4 Nc6 34. h5 Bh7
35. Qh6 Rb2 36. g4 Nb8 37. g5 Nbd7 38. Rf3 Bxe5 39. dxe5 Nxe5 40. Re3 Qc5 41.
Ne8 1-0

[Event "Mechanics' Summer TNM; G/2"]
[Site "San Francisco"]
[Date "2016.06.21"]
[Round "5.5"]
[White "Andries, W Craig"]
[Black "Traub, Igor Vladim"]
[Result "0-1"]
[WhiteElo "1862"]
[BlackElo "2136"]
[PlyCount "112"]
[EventDate "2016.??.??"]

1. d4 Nf6 2. Nf3 g6 3. Nc3 Bg7 4. e4 d6 5. Be2 O-O 6. h3 Nbd7 7. O-O e5 8. dxe5
dxe5 9. Be3 c6 10. Qd2 Re8 11. Rad1 Qe7 12. a3 Nc5 13. Bd3 Nh5 14. Bg5 f6 15.
Be3 f5 16. Bc4+ Be6 17. Bxc5 Qxc5 18. Bxe6+ Rxe6 19. Ng5 Re7 20. Qd6 Qxd6 21.
Rxd6 Rae8 22. Rfd1 Bf6 23. Nf3 Kf7 24. g3 Ng7 25. Kg2 Ne6 26. h4 h5 27. R1d2
Nc5 28. Re2 Re6 29. Rxe6 Kxe6 30. b4 Nd7 31. Nd2 Be7 32. Nc4 b5 33. exf5+ gxf5
34. Ne3 Kf6 35. Rd2 Nb6 36. f3 f4 37. Ne4+ Kg6 38. Nf1 Nc4 39. Rd3 a5 40. Nc5
Bxc5 41. bxc5 e4 42. fxe4 Rxe4 43. Kf2 fxg3+ 44. Rxg3+ Kf6 45. Rh3 Rf4+ 46. Ke2
Rg4 47. Rf3+ Ke6 48. Rh3 Rg2+ 49. Kd1 Kd5 50. Rf3 Kxc5 51. Ng3 Rg1+ 52. Ke2 b4
53. axb4+ Kxb4 54. Rb3+ Kc5 55. Ne4+ Kd4 56. Nf2 a4 0-1

[Event "Mechanics' Fall TNM; G/2"]
[Site "San Francisco"]
[Date "2016.11.08"]
[Round "4.10"]
[White "Andries, W Craig"]
[Black "Walder, Michael S"]
[Result "1-0"]
[WhiteElo "1877"]
[BlackElo "2084"]
[PlyCount "77"]
[EventDate "2016.??.??"]

1. Nf3 c5 2. g3 Nf6 3. Bg2 Nc6 4. d3 d5 5. Nbd2 e6 6. O-O Be7 7. Re1 b6 8. e4
Bb7 9. e5 Nd7 10. Nf1 Qc7 11. Bf4 h6 12. h4 O-O-O 13. Qe2 g5 14. hxg5 hxg5 15.
Nxg5 Bxg5 16. Bxg5 Rdg8 17. Bf4 d4 18. Nd2 f6 19. Nc4 Ndxe5 20. Bxe5 Nxe5 21.
Nxe5 Qxe5 22. Qxe5 fxe5 23. Bxb7+ Kxb7 24. Rxe5 Rh6 25. Rae1 Rgg6 26. Kg2 Kc7
27. Rh1 Rxh1 28. Kxh1 Kd6 29. Rh5 Rg7 30. Kg2 a6 31. f4 b5 32. Kf3 a5 33. g4 a4
34. a3 Ra7 35. g5 b4 36. Ke4 bxa3 37. bxa3 Rg7 38. Rh6 Ke7 39. Ke5 1-0

[Event "Mechanics' Alan Benson TNM; G/2"]
[Site "San Francisco"]
[Date "2016.08.16"]
[Round "3.21"]
[White "Andries, W Craig"]
[Black "Weingarten, Daniel"]
[Result "0-1"]
[WhiteElo "1877"]
[BlackElo "1593"]
[Annotator "Donaldson"]
[PlyCount "48"]
[EventDate "2016.??.??"]

1. d4 d5 2. Bf4 Nf6 3. e3 e6 4. Nd2 Bd6 5. Bg3 O-O 6. Bd3 c5 7. c3 c4 8. Bc2
Nc6 9. f4 (9. Bxd6 Qxd6 10. f4) 9... b5 10. Qf3 Ne7 11. Bf2 Rb8 12. g4 g6 13.
h4 h5 14. gxh5 Nxh5 15. Nh3 Kg7 16. Rg1 Rh8 17. Qg2 b4 18. Nf3 bxc3 19. bxc3
Rb2 20. Kd2 Qa5 21. a4 Bd7 22. Rab1 Rhb8 23. Rxb2 Rxb2 24. Kd1 Nf5 {
and Black later won.} 0-1

[Event "Mechanics' Spring TNM; G/2"]
[Site "San Francisco"]
[Date "2016.04.26"]
[Round "7.23"]
[White "Andries, W Craig"]
[Black "Yamamoto, Craig"]
[Result "1-0"]
[WhiteElo "1862"]
[BlackElo "1617"]
[PlyCount "29"]
[EventDate "2016.??.??"]

1. e4 e5 2. Nf3 Nc6 3. d3 Nf6 4. Be2 d5 5. Nbd2 dxe4 6. dxe4 Bc5 7. O-O O-O 8.
c3 Bg4 9. h3 Bh5 10. Nh4 Bxe2 11. Qxe2 Re8 12. Ndf3 a6 13. Nf5 Nd7 14. Ng5 Nb6
15. Qh5 1-0

[Event "Mechanics' Fall TNM; G/2"]
[Site "San Francisco"]
[Date "2016.11.15"]
[Round "5.26"]
[White "Arai, Gordon S"]
[Black "Crofts, Jacob T"]
[Result "1-0"]
[WhiteElo "1737"]
[BlackElo "774"]
[PlyCount "39"]
[EventDate "2016.??.??"]

1. e4 d5 2. exd5 Qxd5 3. Nc3 Qa5 4. d4 Nf6 5. Bd2 Qb6 6. Nf3 Bf5 7. Bc4 Qxb2 8.
Bb3 a6 9. a4 Ne4 10. Nxe4 Bxe4 11. O-O Nc6 12. Ra2 Bxf3 13. Qxf3 Qxd4 14. Bc3
Qc5 15. Qxf7+ Kd8 16. Rd1+ Qd6 17. Rxd6+ exd6 18. Be6 Be7 19. Qxg7 Rf8 20. f4
1-0

[Event "Mechanics' Fall TNM; G/2"]
[Site "San Francisco"]
[Date "2016.11.08"]
[Round "4.29"]
[White "Arai, Gordon S"]
[Black "Donaldson, Kyle Ga"]
[Result "1-0"]
[WhiteElo "1737"]
[BlackElo "1453"]
[PlyCount "49"]
[EventDate "2016.??.??"]

1. e4 e6 2. d4 d5 3. e5 c5 4. c3 Nc6 5. Nf3 Bd7 6. Be2 Qb6 7. O-O Nh6 8. b3
cxd4 9. cxd4 Nf5 10. Be3 Nxe3 11. fxe3 Be7 12. a3 f6 13. exf6 Bxf6 14. Nc3 O-O
15. g4 Ne7 16. g5 Nf5 17. gxf6 Nxe3 18. Qd3 Nxf1 19. Ng5 g6 20. Rxf1 Qd8 21.
f7+ Kg7 22. Qg3 Qe7 23. h4 Qxa3 24. h5 Qxb3 25. h6+ 1-0

[Event "Mechanics' Fall TNM; G/2"]
[Site "San Francisco"]
[Date "2016.10.25"]
[Round "2.30"]
[White "Arai, Gordon S"]
[Black "Erdenebileg, Erkhe"]
[Result "1-0"]
[WhiteElo "1737"]
[BlackElo "1365"]
[PlyCount "53"]
[EventDate "2016.??.??"]

1. e4 e5 2. Nf3 Nc6 3. Nc3 Nf6 4. d4 exd4 5. Nxd4 Nxd4 6. Qxd4 d6 7. Bg5 Be7 8.
O-O-O O-O 9. f4 h6 10. Bh4 Ng4 11. Bxe7 Qxe7 12. Nd5 Qd7 13. h3 Nf6 14. Qxf6
gxf6 15. Nxf6+ Kg7 16. Nxd7 Bxd7 17. e5 Rad8 18. exd6 c5 19. Be2 Rfe8 20. Bf3
b6 21. Rhe1 Rxe1 22. Rxe1 Be6 23. Rd1 f5 24. g4 fxg4 25. hxg4 Kf6 26. Rh1 Kg7
27. f5 1-0

[Event "Mechanics' Fall TNM; G/2"]
[Site "San Francisco"]
[Date "2016.12.06"]
[Round "8.18"]
[White "Arai, Gordon S"]
[Black "Reichwein, Axel"]
[Result "0-1"]
[WhiteElo "1737"]
[BlackElo "1937"]
[PlyCount "34"]
[EventDate "2016.??.??"]

1. e4 c5 2. Nf3 d6 3. d4 cxd4 4. Nxd4 Nf6 5. Nc3 a6 6. f3 e5 7. Nb3 Be6 8. Be3
Nbd7 9. Qd2 b5 10. a3 Nb6 11. Na5 Qc7 12. Be2 Be7 13. O-O-O Na4 14. Nxa4 bxa4
15. c4 Bd8 16. Qxd6 Qxd6 17. Rxd6 Bxa5 {and Black later won.} 0-1

[Event "Mechanics' Alan Benson TNM; G/2"]
[Site "San Francisco"]
[Date "2016.09.06"]
[Round "6.14"]
[White "Arai, Gordon S"]
[Black "Walder, Michael S"]
[Result "0-1"]
[WhiteElo "1737"]
[BlackElo "2090"]
[PlyCount "74"]
[EventDate "2016.??.??"]

1. e4 Nf6 2. e5 Nd5 3. d4 d6 4. c4 Nb6 5. exd6 cxd6 6. d5 e5 7. Nc3 Be7 8. f4
exf4 9. Bxf4 O-O 10. Nf3 Re8 11. Be2 Nxc4 12. Bxc4 Bg5+ 13. Be5 Nd7 14. Bb5
Bh4+ 15. g3 Bf6 16. O-O Bxe5 17. Nxe5 Rxe5 18. Bxd7 Bxd7 19. Qd2 Qb6+ 20. Qf2
Qxf2+ 21. Kxf2 Rae8 22. Rae1 f5 23. Rxe5 Rxe5 24. Re1 Kf7 25. h4 Rxe1 26. Kxe1
Kf6 27. Ke2 Ke5 28. Kd3 Be8 29. Kc4 a6 30. a4 Bxa4 31. Kb4 Be8 32. Ka5 Bf7 33.
Kb6 Bxd5 34. Nxd5 Kxd5 35. Kxb7 Kc5 36. Kxa6 Kb4 37. Kb6 d5 0-1

[Event "Mechanics' Summer TNM; G/2"]
[Site "San Francisco"]
[Date "2016.06.14"]
[Round "4.32"]
[White "Argo, Guy"]
[Black "Allen, Tom Carter"]
[Result "1-0"]
[WhiteElo "1937"]
[BlackElo "1443"]
[PlyCount "29"]
[EventDate "2016.??.??"]

1. e4 e5 2. f4 d5 3. exd5 c6 4. Nc3 Ne7 5. fxe5 Nxd5 6. Nf3 Be6 7. d4 Bb4 8.
Bd2 Bxc3 9. bxc3 O-O 10. Bd3 h6 11. O-O Qc7 12. Qe2 Nd7 13. Qe4 f5 14. exf6
Rfe8 15. Qh7+ 1-0

[Event "Mechanics' Summer TNM; G/2"]
[Site "San Francisco"]
[Date "2016.05.31"]
[Round "2.24"]
[White "Argo, Guy"]
[Black "MacIntyre, Brendan"]
[Result "1/2-1/2"]
[WhiteElo "1937"]
[BlackElo "1554"]
[PlyCount "62"]
[EventDate "2016.??.??"]

1. e4 c5 2. Nc3 g6 3. f4 Bg7 4. Nf3 d6 5. Bc4 e6 6. O-O Nf6 7. Qe1 O-O 8. d3
Nc6 9. a3 Ne7 10. Ba2 Re8 11. Kh1 b6 12. Qh4 d5 13. Bd2 dxe4 14. dxe4 Nc6 15.
Rad1 Nd4 16. Be3 Nxf3 17. Rxf3 Qe7 18. Rh3 h5 19. e5 Ng4 20. Qxe7 Rxe7 21. Rd8+
Bf8 22. Bg1 Bb7 23. Rhd3 Rxd8 24. Rxd8 Bc6 25. Bc4 Rd7 26. Rxd7 Bxd7 27. Bb5
Bc8 28. h3 Nh6 29. Bc6 a6 30. Na4 Nf5 31. Nxb6 Ng3+ 1/2-1/2

[Event "Mechanics' Fall TNM; G/2"]
[Site "San Francisco"]
[Date "2016.11.01"]
[Round "3.13"]
[White "Argo, Guy"]
[Black "Morgan, Jerry D"]
[Result "1-0"]
[WhiteElo "1911"]
[BlackElo "1556"]
[PlyCount "37"]
[EventDate "2016.??.??"]

1. e4 Nf6 2. Nc3 e5 3. f4 Nc6 4. fxe5 Nxe5 5. d4 Ng6 6. e5 Ng8 7. Bc4 Qe7 8.
Nf3 h6 9. O-O c6 10. Ne4 Qb4 11. Qd3 d5 12. exd6 Bf5 13. c3 Qa5 14. b4 Qd8 15.
Ne5 Nxe5 16. dxe5 Qd7 17. Qf3 g6 18. Nc5 Qc8 19. d7+ 1-0

[Event "Mechanics' Fall TNM; G/2"]
[Site "San Francisco"]
[Date "2016.12.06"]
[Round "8.4"]
[White "Argo, Guy"]
[Black "Shakhnazarov, Oleg"]
[Result "0-1"]
[WhiteElo "1911"]
[BlackElo "2150"]
[Annotator "Donaldson"]
[PlyCount "61"]
[EventDate "2016.??.??"]

1. e4 e5 2. f4 exf4 3. Bc4 Qh4+ 4. Kf1 d6 5. d4 Nf6 6. Nf3 Qh6 7. Nc3 Be7 8.
Qd3 (8. Qd2 g5 9. h4 g4 10. Ng5 $11) 8... O-O 9. Bd2 c6 10. Bb3 b6 11. Ne2 Ba6
12. c4 d5 13. e5 (13. exd5 Nxd5 14. Re1) 13... Nh5 (13... dxc4 14. Bxc4 Bxc4
15. Qxc4 Nd5 {looks simpler and stronger.}) 14. g4 {Diagram [#]} Qe6 $1 15. Bc2
$2 (15. Qf5) 15... g6 16. gxh5 Bxc4 17. Qc3 Qh3+ 18. Kf2 Bxe2 19. Bxf4 Ba6 20.
Rag1 Qxh5 21. h4 c5 22. Qa3 Re8 23. Bg5 f6 24. exf6 Bxf6 25. Bd1 Rf8 26. Bxf6
Rxf6 27. Rg5 Qh6 28. dxc5 Bb7 29. cxb6 axb6 30. Qb3 Ra5 31. Qxb6 0-1

[Event "Mechanics' Fall TNM; G/2"]
[Site "San Francisco"]
[Date "2016.11.22"]
[Round "6.5"]
[White "Argo, Guy"]
[Black "Thornally, Frank"]
[Result "1-0"]
[WhiteElo "1911"]
[BlackElo "2201"]
[PlyCount "55"]
[EventDate "2016.??.??"]

1. e4 e5 2. f4 d5 3. d4 exf4 4. exd5 Qh4+ 5. Kd2 Nf6 6. Qe2+ Kd8 7. Nf3 Qh5 8.
Ne5 Bg4 9. Nxg4 Nxg4 10. h3 Nf6 11. Qxh5 Nxh5 12. Bc4 Bd6 13. Re1 Nd7 14. Be2
Nhf6 15. c4 Bb4+ 16. Nc3 Re8 17. Kd3 g5 18. h4 h6 19. hxg5 hxg5 20. Rh1 Bxc3
21. bxc3 Ne4 22. Rh7 f5 23. Bh5 Nf2+ 24. Kc2 Nf6 25. Bxe8 Nxh7 26. Bg6 Nf6 27.
Ba3 N2g4 28. Rh1 1-0

[Event "Mechanics' Spring TNM; G/2"]
[Site "San Francisco"]
[Date "2016.04.19"]
[Round "6.13"]
[White "Askin, David Benja"]
[Black "Babayan, Gagik"]
[Result "1-0"]
[WhiteElo "1918"]
[BlackElo "1833"]
[PlyCount "73"]
[EventDate "2016.??.??"]

1. d4 d5 2. Nf3 e6 3. c4 Nf6 4. Nc3 Bb4 5. Bg5 h6 6. Bxf6 Qxf6 7. e3 O-O 8. Qb3
Bxc3+ 9. bxc3 Qd8 10. Bd3 Nc6 11. O-O Na5 12. Qb4 Nxc4 13. Bxc4 dxc4 14. Qxc4
b6 15. Ne5 Bb7 16. f3 Qd6 17. Rfd1 Rfd8 18. Qa4 f6 19. Nd3 a5 20. Rab1 Ba6 21.
Nf4 Bb7 22. Qc2 f5 23. Ng6 Kf7 24. Ne5+ Kf6 25. Qf2 g5 26. e4 Kg7 27. exf5 exf5
28. Qc2 Qf6 29. Re1 c5 30. Nc4 cxd4 31. Rxb6 Bc6 32. Ne5 Rd6 33. cxd4 Be8 34.
Qc7+ Rd7 35. Nxd7 Qxd4+ 36. Kh1 Bxd7 37. Rd6 1-0

[Event "Mechanics' Fall TNM; G/2"]
[Site "San Francisco"]
[Date "2016.11.08"]
[Round "4.16"]
[White "Askin, David Benja"]
[Black "Boldi, Ethan Vaugh"]
[Result "1-0"]
[WhiteElo "1942"]
[BlackElo "1811"]
[PlyCount "101"]
[EventDate "2016.??.??"]

1. d4 e6 2. c4 b6 3. Nf3 Bb7 4. g3 Bb4+ 5. Bd2 Qe7 6. Bg2 Nf6 7. O-O Nc6 8. Bg5
h6 9. Be3 d5 10. c5 bxc5 11. a3 cxd4 12. Nxd4 Bc5 13. Nxc6 Bxc6 14. Qc2 Nd7 15.
b4 Qf6 16. Nd2 e5 17. Bxc5 e4 18. Nb3 Ba4 19. Qa2 c6 20. Rac1 h5 21. Na5 h4 22.
Qd2 Qg6 23. Nb7 Ne5 24. Nd6+ Kd7 25. Bh3+ Kd8 26. b5 a5 27. Bb6+ Ke7 28. Nf5+
Ke8 29. Qf4 f6 30. Nd6+ Kf8 31. Bc5 hxg3 32. Nxe4+ Kg8 33. Be6+ Nf7 34. Nxg3
Bxb5 35. Rfe1 Re8 36. Bxf7+ Kxf7 37. e4 Qh7 38. Nf5 Re5 39. Bd4 g5 40. Qg3 dxe4
41. Nd6+ Ke6 42. Bxe5 fxe5 43. Nxe4 Qh6 44. Nc5+ Kf7 45. Qxe5 Qf6 46. Qc7+ Kg6
47. Re6 Qxe6 48. Nxe6 Rh6 49. Qg7+ Kf5 50. Qxg5+ Kxe6 51. Qxh6+ 1-0

[Event "Mechanics' Fall TNM; G/2"]
[Site "San Francisco"]
[Date "2016.12.06"]
[Round "8.6"]
[White "Askin, David Benja"]
[Black "Gaffagan, Steven"]
[Result "0-1"]
[WhiteElo "1942"]
[BlackElo "2096"]
[PlyCount "88"]
[EventDate "2016.??.??"]

1. d4 Nf6 2. c4 g6 3. Nc3 Bg7 4. e4 d6 5. f3 O-O 6. Be3 Nc6 7. Nge2 a6 8. Qd2
Rb8 9. Rc1 Bd7 10. Nd1 b5 11. c5 e6 12. Nf2 h5 13. g3 Re8 14. Bg2 Qe7 15. O-O
a5 16. Nd3 Kh7 17. Rc2 d5 18. e5 Ng8 19. Nc3 Nh6 20. Bh3 b4 21. Ne2 Nf5 22.
Bxf5 exf5 23. Ndf4 Be6 24. Nxe6 fxe6 25. Bg5 Qd7 26. Nf4 b3 27. axb3 Rxb3 28.
Rc3 Rb4 29. Rd3 Reb8 30. Rb1 a4 31. g4 fxg4 32. fxg4 hxg4 33. Qf2 a3 34. Rxa3
Nxd4 35. Qh4+ Kg8 36. Nxg6 Nf5 37. Qf2 Qf7 38. Nf4 Bxe5 39. Ne2 Qg6 40. Bd2 Rb3
41. Rxb3 Rxb3 42. Ra1 Rf3 43. Qg2 Nh4 44. Ra8+ Kh7 0-1

[Event "Mechanics' Summer TNM; G/2"]
[Site "San Francisco"]
[Date "2016.07.05"]
[Round "7.13"]
[White "Askin, David Benja"]
[Black "Jensen, Christian"]
[Result "1-0"]
[WhiteElo "1918"]
[BlackElo "1792"]
[PlyCount "89"]
[EventDate "2016.??.??"]

1. d4 Nf6 2. Nf3 g6 3. Bf4 Bg7 4. e3 O-O 5. h3 d6 6. Be2 Nbd7 7. c3 c5 8. O-O
b6 9. Nbd2 Bb7 10. a4 a6 11. Bh2 Re8 12. Qb3 h6 13. Rfd1 cxd4 14. cxd4 Nf8 15.
Nc4 N6d7 16. Rac1 Ne6 17. Nfd2 d5 18. Na3 Rc8 19. Bf3 Rxc1 20. Rxc1 Nf6 21. Rc3
Ne4 22. Bxe4 dxe4 23. Nac4 Nxd4 24. exd4 Bxd4 25. Rc2 e6 26. Ne3 e5 27. Qc4 Re7
28. Bg3 Rd7 29. Ndf1 Kg7 30. Qe2 f5 31. Nc4 f4 32. Bh2 Qg5 33. Qg4 Qe7 34. h4
Rc7 35. Na3 Rxc2 36. Nxc2 Bxb2 37. h5 Qe8 38. g3 Bc1 39. gxf4 Bxf4 40. Bxf4
exf4 41. Qxf4 gxh5 42. Ng3 b5 43. Nf5+ Kg6 44. Ncd4 Qf8 45. Nh4+ 1-0

[Event "Mechanics' Alan Benson TNM; G/2"]
[Site "San Francisco"]
[Date "2016.09.20"]
[Round "8.14"]
[White "Askin, David Benja"]
[Black "McKellar, Daniel"]
[Result "1-0"]
[WhiteElo "1958"]
[BlackElo "1745"]
[PlyCount "69"]
[EventDate "2016.??.??"]

1. d4 d5 2. Nf3 Nf6 3. c4 c6 4. Nc3 e6 5. e3 Nbd7 6. Bd3 dxc4 7. Bxc4 b5 8. Bd3
Bd6 9. Qc2 Bb7 10. Ng5 h6 11. Nge4 Nxe4 12. Nxe4 Be7 13. a3 c5 14. dxc5 Bxe4
15. Bxe4 Rc8 16. b4 Ne5 17. O-O f5 18. Rd1 Qc7 19. Bd3 Ng4 20. Bxb5+ Kf7 21. g3
h5 22. Rd7 Qb8 23. Bc4 g6 24. Bb2 Rh7 25. h4 Nxe3 26. Qb3 Nxc4 27. Qxc4 Rc6 28.
Rad1 Ke8 29. Qd4 Qc8 30. Rxa7 Bxc5 31. bxc5 Rxa7 32. Qh8+ Ke7 33. Bf6+ Kf7 34.
Qg7+ Ke8 35. Qg8# 1-0

[Event "Mechanics' Alan Benson TNM; G/2"]
[Site "San Francisco"]
[Date "2016.09.06"]
[Round "6.15"]
[White "Askin, David Benja"]
[Black "Paquette, James"]
[Result "1-0"]
[WhiteElo "1958"]
[BlackElo "1730"]
[PlyCount "111"]
[EventDate "2016.??.??"]

1. d4 d6 2. c4 Nf6 3. Nc3 Nbd7 4. e4 e5 5. d5 Be7 6. Be3 h6 7. Bd3 Nf8 8. Nge2
g5 9. b4 Ng6 10. c5 a6 11. Nc1 Nf4 12. Bf1 Ng4 13. cxd6 Nxe3 14. dxe7 Qxe7 15.
fxe3 Qxb4 16. Qb3 Qxb3 17. axb3 Nh5 18. Nd3 f6 19. Be2 Ng7 20. O-O Ke7 21. d6+
cxd6 22. Nd5+ Kd8 23. Rxf6 Ne8 24. Rf7 Rb8 25. Rc1 Be6 26. Rf2 Rc8 27. Rxc8+
Bxc8 28. Rf7 Bd7 29. Nb6 Bc8 30. Nb2 Nc7 31. N2c4 Nb5 32. Na5 Nc3 33. Bh5 Be6
34. Nxb7+ Ke8 35. Nxd6+ Kd8 36. Nb7+ Ke8 37. Rh7+ Kf8 38. Rxh8+ Kg7 39. Re8
Bxb3 40. Rxe5 Bc2 41. Rc5 Ne2+ 42. Bxe2 Bxe4 43. Nd6 Bg6 44. Nd5 h5 45. Ra5 g4
46. Rxa6 h4 47. Ra7+ Kh6 48. Nf7+ Bxf7 49. Rxf7 g3 50. Bd3 gxh2+ 51. Kxh2 h3
52. Kxh3 Kg5 53. Rg7+ Kh6 54. Rg6+ Kh7 55. Nf6+ Kh8 56. Rg8# 1-0

[Event "Mechanics' Summer TNM; G/2"]
[Site "San Francisco"]
[Date "2016.06.28"]
[Round "6.17"]
[White "Askin, David Benja"]
[Black "Paquette, James"]
[Result "1-0"]
[WhiteElo "1918"]
[BlackElo "1651"]
[Annotator "Donaldson"]
[PlyCount "41"]
[EventDate "2016.??.??"]

1. d4 g6 2. e4 Bg7 3. Nc3 c5 4. d5 Bxc3+ 5. bxc3 Qa5 6. Qd3 Nf6 7. Bh6 Nxe4 8.
Ne2 Nd6 9. Ng3 Nf5 10. Nxf5 gxf5 11. Be2 d6 12. O-O Rg8 13. Rfe1 Rg6 {
Diagram [#]} 14. Bf4 (14. Bh5 $3 Rxh6 15. Qe3) 14... Nd7 15. Bh5 Rf6 16. Qg3
Nf8 17. Bg5 (17. Bxd6) 17... f4 18. Bxf6 $3 fxg3 19. Rxe7+ Kd8 20. Rxb7+ Ke8
21. Bxf7# 1-0

[Event "Mechanics' Spring TNM; G/2"]
[Site "San Francisco"]
[Date "2016.03.15"]
[Round "1.25"]
[White "Askin, David Benja"]
[Black "Sachs-Weintraub, J."]
[Result "1-0"]
[WhiteElo "1918"]
[BlackElo "1369"]
[PlyCount "71"]
[EventDate "2016.??.??"]

1. d4 d5 2. Nf3 g6 3. c4 dxc4 4. Qa4+ Bd7 5. Qxc4 b5 6. Qc2 Nf6 7. e4 c6 8. a4
bxa4 9. Nc3 Bg7 10. h3 O-O 11. Nxa4 Re8 12. Be2 Nh5 13. O-O Qc7 14. Be3 e5 15.
d5 c5 16. Qxc5 Qxc5 17. Nxc5 Nf4 18. Bc4 Bf8 19. Nxd7 Nxd7 20. Rxa7 Rxa7 21.
Bxa7 Ra8 22. Be3 f6 23. Rb1 Nc5 24. Nd2 Rb8 25. b4 Ncd3 26. Bxd3 Nxd3 27. b5
Bb4 28. b6 Kf7 29. Nc4 Bc5 30. Rb5 Bxe3 31. fxe3 Ke7 32. Kf1 Kd7 33. Ke2 Nc1+
34. Kd2 Na2 35. Na5 f5 36. Nc6 1-0

[Event "Mechanics' Fall TNM; G/2"]
[Site "San Francisco"]
[Date "2016.11.29"]
[Round "7.9"]
[White "Askin, David Benja"]
[Black "Sarafian, Greg M"]
[Result "1/2-1/2"]
[WhiteElo "1942"]
[BlackElo "1935"]
[PlyCount "91"]
[EventDate "2016.??.??"]

1. d4 Nf6 2. c4 c5 3. d5 b5 4. cxb5 a6 5. e3 g6 6. Nc3 Bg7 7. a4 O-O 8. e4 d6
9. Nf3 Nbd7 10. bxa6 Bxa6 11. Bxa6 Rxa6 12. Qe2 Qa8 13. Bd2 Nb6 14. b3 Rc8 15.
O-O Nfd7 16. Rfc1 c4 17. b4 Nxa4 18. Rxa4 Rxa4 19. Nxa4 Qxa4 20. Rxc4 Rxc4 21.
Qxc4 Qd1+ 22. Qf1 Qc2 23. Qe1 Nf6 24. e5 Ne4 25. exd6 exd6 26. Qc1 Qb3 27. h3
Nxd2 28. Qxd2 Bc3 29. Qg5 Qxb4 30. Qd8+ Kg7 31. Qd7 Qf4 32. Qc6 Qb4 33. g3 h6
34. h4 Qb1+ 35. Kh2 Qd3 36. Ng1 Bb4 37. Nh3 Qf1 38. Qc2 Bc5 39. Qb2+ Kh7 40.
Qf6 Kg8 41. Qf4 Kg7 42. Qd2 Qc4 43. Nf4 Qd4 44. Qxd4+ Bxd4 45. Kg2 Kf6 46. Nd3
1/2-1/2

[Event "Mechanics' Summer TNM; G/2"]
[Site "San Francisco"]
[Date "2016.06.07"]
[Round "3.8"]
[White "Askin, David Benja"]
[Black "Stearman, Josiah P"]
[Result "0-1"]
[WhiteElo "1918"]
[BlackElo "2231"]
[Annotator "Donaldson"]
[PlyCount "36"]
[EventDate "2016.??.??"]

1. Nf3 f5 2. e4 fxe4 3. Ng5 d5 4. d3 exd3 $6 (4... Qd6 5. dxe4 h6) 5. Bxd3 g6
6. Qf3 (6. O-O) (6. h4) 6... Nf6 7. Nxh7 $2 Rxh7 8. Bxg6+ Rf7 9. Bf4 Nc6 10.
Bxf7+ Kxf7 11. c3 e5 12. Bg5 e4 13. Qf4 Bd6 14. Qh4 Ne5 15. O-O Ng6 16. Bxf6
Qxf6 17. Qh7+ Qg7 18. Qh5 Be6 0-1

[Event "Mechanics' Spring TNM; G/2"]
[Site "San Francisco"]
[Date "2016.03.29"]
[Round "3.6"]
[White "Askin, David Benja"]
[Black "Vickers, Keith"]
[Result "1/2-1/2"]
[WhiteElo "1918"]
[BlackElo "2200"]
[PlyCount "103"]
[EventDate "2016.??.??"]

1. Nf3 d5 2. d4 e6 3. c4 f5 4. g3 Nf6 5. Bg2 c6 6. O-O Bd6 7. b3 Qe7 8. Bb2 O-O
9. Qc1 Bd7 10. Ba3 Bxa3 11. Qxa3 Qxa3 12. Nxa3 Be8 13. Ne5 Nbd7 14. Nd3 Bf7 15.
Rac1 Nb6 16. Rfd1 Rfe8 17. Rc2 g5 18. Rcc1 Kg7 19. b4 Nxc4 20. Nxc4 dxc4 21.
Ne5 Red8 22. e3 a5 23. Rxc4 Nd7 24. Nxf7 Kxf7 25. b5 cxb5 26. Rc7 Rab8 27. Bxb7
Kf6 28. a3 b4 29. axb4 axb4 30. Rb1 Nf8 31. Rxb4 Rd7 32. Rxd7 Nxd7 33. Rb5 h6
34. Bc6 Rxb5 35. Bxb5 Nb6 36. f3 e5 37. dxe5+ Kxe5 38. Kf2 Nd5 39. Bc4 Nf6 40.
Bb5 Nd5 41. Bc4 Nb6 42. Bb3 Nc8 43. Ke2 Nd6 44. Kd3 Ne8 45. Ke2 Nd6 46. Kf2 Ne8
47. Bc2 Nf6 48. f4+ gxf4 49. gxf4+ Ke6 50. h3 Nh5 51. Kf3 Kf6 52. Bb3 1/2-1/2